Информационно-измерительные системы определения параметров газожидкостных потоков (Запись № 10240135)
[ простой вид ]
| 000 -МАРКЕР | |
|---|---|
| контрольное поле | 02002nam0a2200349 i 4500 |
| 001 - ИДЕНТИФИКАТОР ЗАПИСИ | |
| контрольное поле | RU\NLR\BIBL_A\010527087 |
| 005 - ИДЕНТИФИКАТОР ВЕРСИИ | |
| контрольное поле | 20241114184811.0 |
| 010 ## - МЕЖДУНАРОДНЫЙ СТАНДАРТНЫЙ НОМЕР КНИГИ (ISBN) | |
| Номер (ISBN) | 9785904585358 |
| 021 ## - НОМЕР ГОСУДАРСТВЕННОЙ РЕГИСТРАЦИИ | |
| Код страны | Российская Федерация |
| Номер | 2014-65080 |
| Номер Листа государственной регистраци | 3968 |
| 035 ## - ДРУГИЕ СИСТЕМНЫЕ НОМЕРА | |
| Идентификатор записи | (NLR Aleph) 010527087 |
| 100 ## - ДАННЫЕ ОБЩЕЙ ОБРАБОТКИ | |
| Данные общей обработки | 20141111d2013 k y0rusy50 ca |
| 101 0# - ЯЗЫК РЕСУРСА | |
| Язык текста, звукозаписи и т.д. | русский |
| 102 ## - СТРАНА ПУБЛИКАЦИИ ИЛИ ПРОИЗВОДСТВА | |
| Страна публикации | Российская Федерация |
| 105 ## - ПОЛЕ КОДИРОВАННЫХ ДАННЫХ: ТЕКСТОВЫЕ МАТЕРИАЛЫ, МОНОГРАФИЧЕСКИЕ | |
| Кодированные данные о монографическом текстовом документе | a|||z|||001yy |
| 200 1# - ЗАГЛАВИЕ И СВЕДЕНИЯ ОБ ОТВЕТСТВЕННОСТИ | |
| Основное заглавие | Информационно-измерительные системы определения параметров газожидкостных потоков |
| Первые сведения об ответственности | О.Н. Пьявченко, А.А. Зори, С.И. Клевцов, Д.Н. Кузнецов |
| Последующие сведения об ответственности | М-во образования и науки Рос. Федерации, Федер. гос. бюджет. образоват. учреждение высш. проф. образования "Юж. федер. ун-т", М-во образования и науки Украины, Гос. высш. учеб. заведение "Донец. нац. техн. ун-т" |
| 210 ## - ПУБЛИКАЦИЯ, РАСПРОСТРАНЕНИЕ И ДР. | |
| Место издания, распространения и т.д. | Таганрог |
| Имя издателя, распространителя и т. д. | [б. и.] |
| Дата издания, распространения и т.д. | 2013 |
| 215 ## - ФИЗИЧЕСКАЯ ХАРАКТЕРИСТИКА | |
| Специфическое обозначение материала и объем | 243 с. |
| Другие сведения о физической характеристике | ил. |
| Размеры | 21 |
| 320 ## - ПРИМЕЧАНИЯ О НАЛИЧИИ В ДОКУМЕНТЕ БИБЛИОГРАФИИ / УКАЗАТЕЛЯ | |
| Текст примечания | Библиогр.: с. 233-240 (91 назв.) |
| 606 ## - НАИМЕНОВАНИЕ ТЕМЫ КАК ПРЕДМЕТ | |
| Наименование темы | Термоанемометры |
| Системный номер авторитетной/нормативной записи | 980535 |
| Идентификатор авторитетной/нормативной записи | RU\NLR\AUTH\6650516 |
| 606 ## - НАИМЕНОВАНИЕ ТЕМЫ КАК ПРЕДМЕТ | |
| Наименование темы | Измерительно-информационные системы микропроцессорные |
| Системный номер авторитетной/нормативной записи | 2200658 |
| Идентификатор авторитетной/нормативной записи | RU\NLR\AUTH\661322426 |
| 610 0# - НЕКОНТРОЛИРУЕМЫЕ ПРЕДМЕТНЫЕ ТЕРМИНЫ | |
| Предметный термин | газожидкостные потоки |
| 686 1# - ИНДЕКСЫ ДРУГИХ КЛАССИФИКАЦИЙ | |
| Индекс | З325-5 |
| 701 #1 - ИМЯ ЛИЦА - АЛЬТЕРНАТИВНАЯ ОТВЕТСТВЕННОСТЬ | |
| Начальный элемент ввода | Пьявченко |
| Часть имени, кроме начального элемента ввода | О.Н. |
| Расширение инициалов личного имени | Олег Николаевич |
| 701 #1 - ИМЯ ЛИЦА - АЛЬТЕРНАТИВНАЯ ОТВЕТСТВЕННОСТЬ | |
| Начальный элемент ввода | Зори |
| Часть имени, кроме начального элемента ввода | А.А. |
| Расширение инициалов личного имени | Анатолий Анатольевич |
| 701 #1 - ИМЯ ЛИЦА - АЛЬТЕРНАТИВНАЯ ОТВЕТСТВЕННОСТЬ | |
| Начальный элемент ввода | Клевцов |
| Часть имени, кроме начального элемента ввода | С. И. |
| Расширение инициалов личного имени | Сергей Иванович |
| 701 #1 - ИМЯ ЛИЦА - АЛЬТЕРНАТИВНАЯ ОТВЕТСТВЕННОСТЬ | |
| Начальный элемент ввода | Кузнецов |
| Часть имени, кроме начального элемента ввода | Д.Н. |
| Дополнения к именам, кроме дат | канд. техн. наук, электрон. техника |
| Расширение инициалов личного имени | Дмитрий Николаевич |
| Системный номер авторитетной/нормативной записи | 144171 |
| Идентификатор авторитетной/нормативной записи | RU\NLR\AUTH\770144207 |
| 801 #0 - ИСТОЧНИК ЗАПИСИ | |
| Страна | Российская Федерация |
| Организация | РГБ |
| Дата составления | 20140901 |
| Правила каталогизации | RCR |
| 942 ## - ДОПОЛНИТЕЛЬНЫЕ ЭЛЕМЕНТЫ ЗАПИСИ (АБИС) | |
| Тип экземпляра АБИС | Книга |
| 980 ## - КОЛЛЕКЦИЯ | |
| Название коллекции | НБР |
Нет доступных экземпляров.